| 000 | 00922nac a22002291u 4500 | ||
|---|---|---|---|
| 010 | _a 00035680 | ||
| 020 | _a0130144908 | ||
| 020 | _a013031059* : | ||
| 082 | 0 | 0 |
_a658.7 _bA752 |
| 090 |
_c4179 _d4179 |
||
| 100 | _aArnold, J. R. Tony, | ||
| 245 | 1 | 0 |
_aIntroduction to materials management / _cJ.R. Tony Arnold, Stephen N. Chapman. |
| 250 | _a4th ed. | ||
| 260 |
_aUpper Saddle River, NJ : _bPrentice Hall, _cc2001. |
||
| 300 |
_axi, 466 p. : _bill. ; _c25 cm. |
||
| 504 | _aIncludes bibliographical references (p. 456-460) and index. | ||
| 650 | 0 | _aMaterials management. | |
| 700 | 1 | _aChapman, Stephen N. | |
| 942 |
_cBB _k658.7A752 |
||
| 999 |
_c4179 _d4179 |
||